Visualizzazione normale
Vista MARC
- Educación cristiana
di Topical Term
Records bibliografici associati: 1
001 - CONTROL NUMBER
- control field: 46743
003 - CONTROL NUMBER IDENTIFIER
- control field: IT-RoINE
005 - DATE AND TIME OF LATEST TRANSACTION
- control field: 20180426111628.0
008 - FIXED-LENGTH DATA ELEMENTS
- fixed length control field: 180330|| aca||aabn | a|a d
040 ## - CATALOGING SOURCE
- Original cataloging agency: IT-RoINE
- Transcribing agency: IT-RoINE
150 ## - HEADING--TOPICAL TERM
- Topical term or geographic name as entry element: Educación cristiana
- Geographic subdivision: España
- Geographic subdivision: Mallorca
670 ## - SOURCE DATA FOUND
- Source citation: Work cat.: (IT-RoINE)23612: Amengual i Batle, Josep, M.SS.CC., 1938- 22397, Llengua i catecisme de Mallorca : , DL1991.